000 00775nam a2200217Ia 4500
003 CO-CtgCURN
005 20250407234334.0
008 190722s9999 xx 000 0 und d
020 _a9586907058
040 _aCO-CtgCURN
_bspa
_ccoctgcurn
082 _a342.068
_bE746p
100 _aEscobar Lopez, Edgar
245 0 _aEl proceso disciplinario verbal :
_b(Ordinario, Fuerzas Militares y Policia) /
_cEdgar A. Escobar Lopez
260 _aBogotá, Colombia :
_bLeyer,
_c2005
300 _a95 páginas ;
_c22 centímetros
521 _aAREA PROFESIONAL
590 _aPrograma de Derecho_18
650 _aDerecho constitucional y administrativo
942 _cBK
_h342.068
_iE746p
_2ddc
_n0
999 _c28411
_d28411